000 00226nam a22001217a 4500
040 _cHS
082 _a333
100 _aNA
245 _aEnvironmental site assessment
260 _aNA
_bNA
_cNA
300 _a121p;
942 _cEK
999 _c9713
_d9713